Vegetarians only : (Record no. 100690)

MARC details
000 -LEADER
fixed length control field 00601nam a22001937a 4500
005 - DATE AND TIME OF LATEST TRANSACTION
control field 20160624165921.0
010 ## - LCCN (DPL NO)
LC control number ENG-115338
020 ## - INTERNATIONAL STANDARD BOOK NUMBER
International Standard Book Number 9788125060741
Terms of availability 325.00
035 ## - SYSTEM CONTROL NUMBER
System control number EN-98870
082 ## - DEWEY DECIMAL CLASSIFICATION NUMBER
Classification number S
245 ## - TITLE STATEMENT
Title Vegetarians only :
Remainder of title stories of telgu muslims /
Statement of responsibility, etc edited by Suneetha [and] Uma Maheshwari Bhrugubana ; tranclted by Skybaaba
260 ## - PUBLICATION, DISTRIBUTION, ETC. (IMPRINT)
Place of publication, distribution, etc New Delhi
Name of publisher, distributor, etc Orient BlackSwan
Date of publication, distribution, etc 2016
270 ## - ADDRESS
Address 1/24,Asaf Ali Road
City New Delhi
Postal code 110002
300 ## - PHYSICAL DESCRIPTION
Extent ix,140p.
Dimensions 21cm(pbk)
700 ## - ADDED ENTRY--PERSONAL NAME
Personal name Suneetha A.
700 ## - ADDED ENTRY--PERSONAL NAME
Personal name Maheshwari Bhrugubanda
710 ## - ADDED ENTRY--CORPORATE NAME
Corporate name or jurisdiction name as entry element Skybaaba
942 ## - ADDED ENTRY ELEMENTS (KOHA)
Source of classification or shelving scheme Dewey Decimal Classification
Item type English Books
Call number suffix VEG
Classification part S
Holdings
Withdrawn status Lost status Not for loan Collection code Home library Current library Date acquired Source of acquisition Cost, normal purchase price Full call number Barcode Copy number Cost, replacement price Koha item type
      Fiction Shahdara Branch Shahdara Branch 21/06/2016 DBAD/PUB 325.00 S VEG EN-98870 1 325.00 English Books

© Delhi Public Library
Hit Counter
free hit counter